Normal view
MARC view
- بن كسبيت، م.مشارك كفير، ايلان؛ ترجمة العقيلي، بدر، ترجمة البواطلة، نور
Entry Personal Name
001 - CONTROL NUMBER
- control field: 13292
003 - CONTROL NUMBER IDENTIFIER
- control field: JO-AjAnu
005 - DATE AND TIME OF LATEST TRANSACTION
- control field: 20230606072427.0
008 - FIXED-LENGTH DATA ELEMENTS
- fixed length control field: 230606|| aca||aabn | a|a d
040 ## - CATALOGING SOURCE
- Original cataloging agency: JO-AjAnu
- Transcribing agency: JO-AjAnu
100 ## - HEADING--PERSONAL NAME
- Personal name: بن كسبيت، م.مشارك كفير، ايلان؛ ترجمة العقيلي، بدر، ترجمة البواطلة، نور
670 ## - SOURCE DATA FOUND
- Source citation: Work cat.: (JO-AjAnu)6840: بن كسبيت، م.مشارك كفير، ايلان؛ ترجمة العقيلي، بدر، ترجمة البواطلة، نور, author, ايهود براك: الجندي الاول رئيس الوزراء الاسرائيلي المحتمل